| 000 | 01064nam a2200253Ia 4500 | ||
|---|---|---|---|
| 008 | 0000002007 usad 0000000000eng00 | ||
| 020 | _a9780897973274 | ||
| 090 | _aPUS00 A17a | ||
| 245 | 1 | 0 |
_aAaron Parazette _b: new paintings _c/ editor Janis Gardner Cecil |
| 300 |
_a12 p. _c/ 30 cm. |
||
| 500 | _aExposición realizada en Marlborough Chelsea, New York, noviembre 8 diciembre 8, 2007 \ Incluye cronología del artista \ Proyecto Ganador Programa Apoyos Concertados FGAA 2010 | ||
| 501 | _aAaron Parazette / Frances Colpitt | ||
| 505 | _aOBRAS : Surf dog Bomb Dialed Frothing Kook Trim Da cat Full on Bitchin | ||
| 600 | 0 | 0 |
_aPARAZETTE, AARON, 1960/ _xTRABAJOS PICTORICOS |
| 650 | 1 | 4 | _aARTE CONTEMPORANEO ESTADOUNIDENSE |
| 650 | 1 | 4 | _aARTISTAS PLASTICOS ESTADOUNIDENSES |
| 650 | 1 | 4 | _xCATALOGOS |
| 650 | 1 | 4 | _xEXPOSICIONES |
| 650 | 1 | 4 | _aPINTORES ESTADOUNIDENSES |
| 650 | 1 | 4 | _aPINTURA ACRILICA (ARTE) |
| 650 | 1 | 4 | _aPINTURA ESTADOUNIDENSE |
| 700 | 1 | _aGardner Cecil, Janis | |
| 999 |
_c11865 _d11865 |
||
| 260 |
_aNew York : Marlborough Chelsea _c2007 |
||